书目信息 |
| 题名: |
创新型领导
|
|
| 作者: | 吴甘霖 著 | |
| 分册: | ||
| 出版信息: | 北京 机械工业出版社 2006.03 |
|
| 页数: | 186页 | |
| 开本: | 21cm | |
| 丛书名: | 甘霖智慧培训文库 | |
| 单 册: | ||
| 中图分类: | C933-49 , F272.91-49 | |
| 科图分类: | ||
| 主题词: | 企业领导学--qi ye ling dao xue--通俗读物 , 领导学--ling dao xue--通俗读物 | |
| 电子资源: | ||
| ISBN: | 7-111-18618-4 | |
| 000 | 01016nam 2200289 450 | |
| 001 | 012008558406 | |
| 005 | 20080125140327.79 | |
| 010 | @a7-111-18618-4@dCNY19.80 | |
| 100 | @a20080125d2006 em y0chiy0120 ea | |
| 101 | 0 | @achi |
| 102 | @aCN@b110000 | |
| 105 | @ay z 000yy | |
| 106 | @ar | |
| 200 | 1 | @a创新型领导@Achuang xin xing ling dao@e引领未来的核心力量@f吴甘霖著@Fwu gan lin zhu |
| 210 | @a北京@c机械工业出版社@d2006.03 | |
| 215 | @a186页@d21cm | |
| 225 | 2 | @a甘霖智慧培训文库@Agan lin zhi hui pei xun wen ku |
| 330 | @a本书是一本创新性领导的前沿著作。讲述从六大方面把握创新性领导的特点、从三大方面突破成为创新性领导的难关。 | |
| 410 | 0 | @12001 @a甘霖智慧培训文库 |
| 517 | 1 | @a引领未来的核心力量@Ayin ling wei lai de he xin li liang |
| 606 | 0 | @a企业领导学@Aqi ye ling dao xue@j通俗读物 |
| 606 | 0 | @a领导学@Aling dao xue@j通俗读物 |
| 690 | @aC933-49@v4 | |
| 690 | @aF272.91-49@v4 | |
| 701 | 0 | @a吴甘霖@Awu gan lin@4著 |
| 801 | 0 | @aCN@bQSSK@c20080125 |
| 905 | @b279992@dC933-49@eW783@f1 | |
| 创新型领导:引领未来的核心力量/吴甘霖著.-北京:机械工业出版社,2006.03 |
| 186页;21cm.-(甘霖智慧培训文库) |
| ISBN 7-111-18618-4:CNY19.80 |
| 本书是一本创新性领导的前沿著作。讲述从六大方面把握创新性领导的特点、从三大方面突破成为创新性领导的难关。 |
| ● |
| 相关链接 |
|
|
|
正题名:创新型领导
索取号:C933-49/W783
 
预约/预借
| 序号 | 登录号 | 条形码 | 馆藏地/架位号 | 状态 | 备注 |
| 1 | 279992 | 202799926 | 社科库509/509社科库 65排7列4层/ [索取号:C933-49/W783] | 在馆 |